000 00502cam a22001932 4500
001 0000000915
005 20170406112958.0
008 131120s xx 000 0 eng d
020 _c$
040 _aYour Holding Symbol
_cYour Holding Symbol
100 1 _aKittler,Glenn.
245 1 4 _aThe papal princes.
250 _a ed.
260 _anew york :
_bFunk and wagnalls,
_c1960.
300 _a363 p. ;
_c cm.
504 _aindex.
650 0 _apapal princes.
908 _a131120
999 _c834
_d834